| 000 | 00754cam a2200193 4500 | ||
|---|---|---|---|
| 001 | WB3812-07 | ||
| 008 | 020327n2002 000 0 eng u | ||
| 035 | _a(Sirsi) u117248 | ||
| 245 | _aCowboy builders and quality mark | ||
| 260 | _c2002 | ||
| 490 |
_aDTI News Release _v(p/2002/185) 22 March 2002, (3) |
||
| 520 | _aGovernment backed quality mark scheme which provides a register of reliable independently assessed companies is to be rolled out across the country. Homeowners can call the Quality Mark hotline on 0845 300 8040 or at http://www.qualitymark.org.uk | ||
| 590 | _aWB | ||
| 650 | _aQUALITY MARK | ||
| 650 | _aQUALITY MARKED BUILDERS | ||
| 650 | _aLOCAL AUTHORITIES | ||
| 690 | _aBUILT ENVIRONMENT-BUILDING STANDARDS | ||
| 942 | _n0 | ||
| 999 |
_c69846 _d69846 |
||